[Event "SC Falke Saerbeck 1 - SC Hiltrup 1"]
[Site "Verbandsklasse 2018/2019"]
[Date "2019.04.06"]
[Round "8.1"]
[White "Kammers, Heribert"]
[Black "Vos, Thomas"]
[Result "0-1"]
[WhiteElo "1992"]
[BlackElo "2044"]
[PlyCount "80"]
[EventDate "2019.??.??"]
[SourceDate "2018.10.06"]

1. d4 d5 2. Nf3 Nc6 3. Bf4 Bg4 4. Nbd2 e6 5. e3 Bd6 6. c3 f6 7. Qb3 Nge7 8.
Bxd6 Qxd6 9. Be2 e5 10. Nxe5 Bxe2 11. Nxc6 Bc4 12. Nxc4 dxc4 13. Qxc4 Qxc6 14.
Qxc6+ Nxc6 15. e4 h5 16. f4 Kf7 17. O-O-O Ne7 18. d5 Rhd8 19. c4 b5 20. c5 f5
21. d6 cxd6 22. cxd6 Rac8+ 23. Kb1 Ng6 24. e5 Nxf4 25. Rhf1 Rc4 26. g3 Ng6 27.
Rxf5+ Ke6 28. Rg5 Nxe5 29. Re1 Rc5 30. Rxg7 Rxd6 31. Rxa7 Rd2 32. h3 Rcc2 33.
b3 Kd5 34. Ra8 Rb2+ 35. Ka1 Re2 36. Rxe2 Rxe2 37. Rb8 Kc5 38. a4 Kb4 39. Rxb5+
Ka3 40. Kb1 Nd3 0-1

[Event "SC Falke Saerbeck 1 - SC Hiltrup 1"]
[Site "Verbandsklasse 2018/2019"]
[Date "2019.04.06"]
[Round "8.2"]
[White "Hegemann, Eike"]
[Black "Junk, Phillip"]
[Result "1-0"]
[WhiteElo "1958"]
[BlackElo "1987"]
[PlyCount "97"]
[EventDate "2019.??.??"]
[SourceDate "2018.10.06"]

1. e4 e5 2. Nf3 Nc6 3. Bb5 a6 4. Ba4 d6 5. c3 Nf6 6. d3 Be7 7. O-O O-O 8. Re1
b5 9. Bc2 Nb8 10. d4 Nbd7 11. Nbd2 Bb7 12. Nf1 Re8 13. Ng3 Bf8 14. a4 c6 15. b3
Qc7 16. Bb2 Rad8 17. Qe2 g6 18. c4 b4 19. c5 d5 20. dxe5 Nxe4 21. Bxe4 dxe4 22.
Nxe4 Nxc5 23. Nf6+ Kg7 24. Qc4 Re6 25. Qh4 h6 26. Nd4 Rxf6 27. Qxf6+ Kh7 28.
Rad1 Bg7 29. Qh4 Re8 30. Nf3 a5 31. Qd4 Qe7 32. Re3 Bc8 33. Qd6 Qxd6 34. Rxd6
Re6 35. Rxe6 Bxe6 36. Nd4 Bd5 37. f4 Bf8 38. g4 Ne6 39. Nxe6 fxe6 40. Rd3 Bc5+
41. Kf1 Kg7 42. Ke2 h5 43. gxh5 gxh5 44. Bc1 Kg6 45. Be3 Bxe3 46. Kxe3 Kf5 47.
h3 c5 48. Rd1 Bxb3 49. Rg1 1-0

[Event "SC Falke Saerbeck 1 - SC Hiltrup 1"]
[Site "Verbandsklasse 2018/2019"]
[Date "2019.04.06"]
[Round "8.4"]
[White "Kipp, Lucas"]
[Black "Junk, Andreas"]
[Result "1-0"]
[WhiteElo "1908"]
[BlackElo "1748"]
[PlyCount "45"]
[EventDate "2019.??.??"]
[SourceDate "2018.10.06"]

1. e4 c5 2. c3 g6 3. d4 b6 4. Be3 d6 5. Bc4 Nd7 6. Nf3 Bb7 7. Nbd2 Ngf6 8. e5
Nd5 9. exd6 Nxe3 10. fxe3 e6 11. Bb5 cxd4 12. Ne5 Bxd6 13. Bxd7+ Kf8 14. Ndf3
Bxf3 15. Qxf3 Bxe5 16. O-O f5 17. exd4 Bf6 18. Bxe6 Kg7 19. Qb7+ Be7 20. Rae1
Re8 21. Qd7 Kh8 22. Qxd8 Raxd8 23. Bf7 1-0

[Event "SC Falke Saerbeck 1 - SC Hiltrup 1"]
[Site "Verbandsklasse 2018/2019"]
[Date "2019.04.06"]
[Round "8.5"]
[White "Haves, Daniel"]
[Black "Hoge, Reinhard"]
[Result "1-0"]
[WhiteElo "1618"]
[BlackElo "1909"]
[PlyCount "45"]
[EventDate "2019.??.??"]
[SourceDate "2018.10.06"]

1. f4 Nf6 2. Nf3 g6 3. d3 Bg7 4. e3 d6 5. Be2 O-O 6. O-O c5 7. a4 Nc6 8. Na3 a6
9. c3 Rb8 10. Rb1 e5 11. e4 b5 12. axb5 axb5 13. Nc2 c4 14. dxc4 bxc4 15. Bxc4
Na5 16. Bd3 Nb3 17. fxe5 Ng4 18. Qe2 Nxc1 19. Rfxc1 Qb6+ 20. Kf1 f5 21. exf5
Bxf5 22. Bxf5 Rxf5 23. Qc4+ 1-0

[Event "SC Falke Saerbeck 1 - SC Hiltrup 1"]
[Site "Verbandsklasse 2018/2019"]
[Date "2019.04.06"]
[Round "8.6"]
[White "Bartsch, Jan"]
[Black "Buchholz, Christian"]
[Result "1-0"]
[WhiteElo "1742"]
[BlackElo "1612"]
[PlyCount "65"]
[EventDate "2019.??.??"]
[SourceDate "2018.10.06"]

1. b3 d5 2. Bb2 Nc6 3. e3 a6 4. Nf3 Bg4 5. Be2 e6 6. O-O Nf6 7. c4 Bd6 8. d4
O-O 9. Nbd2 h6 10. Rc1 Re8 11. Ne5 Bxe2 12. Qxe2 Bxe5 13. dxe5 Nd7 14. f4 Ne7
15. cxd5 Nxd5 16. e4 Ne7 17. f5 Nc6 18. Nf3 f6 19. fxe6 Rxe6 20. Qc4 Qe7 21.
exf6 gxf6 22. Ba3 Qf7 23. e5 Nb6 24. Qg4+ Kh8 25. Qh3 Kg7 26. exf6+ Kg8 27.
Rxc6 Rxc6 28. Ne5 Qxf6 29. Rxf6 Rxf6 30. Qg4+ Kh8 31. Be7 Nd5 32. Bxf6+ Nxf6
33. Qg6 1-0

[Event "SC Falke Saerbeck 1 - SC Hiltrup 1"]
[Site "Verbandsklasse 2018/2019"]
[Date "2019.04.06"]
[Round "8.7"]
[White "Jeromin, Rudolf Gustav"]
[Black "Bartsch, Rainer"]
[Result "1/2-1/2"]
[WhiteElo "1672"]
[BlackElo "1733"]
[PlyCount "129"]
[EventDate "2019.??.??"]
[SourceDate "2018.10.06"]

1. e4 d5 2. exd5 Qxd5 3. Nc3 Qd6 4. Nf3 Nf6 5. d3 c6 6. g3 Bg4 7. Bg2 Nbd7 8.
O-O O-O-O 9. Qe1 e5 10. Ng5 Qe7 11. Qe3 Kb8 12. Re1 h6 13. Nf3 Bxf3 14. Qxf3
Qb4 15. a3 Qg4 16. Be3 Bd6 17. Qxg4 Nxg4 18. Ne4 Be7 19. h3 Nxe3 20. Rxe3 f5
21. Nd2 Bg5 22. Re2 f4 23. h4 Bf6 24. Ne4 fxg3 25. fxg3 Be7 26. b4 Rhf8 27. Rf1
Rxf1+ 28. Bxf1 Kc7 29. Bh3 b6 30. Bxd7 Kxd7 31. Rf2 Ke6 32. Rf3 Rc8 33. c4 b5
34. Nc3 bxc4 35. dxc4 a5 36. Na2 axb4 37. Nxb4 Bxb4 38. axb4 Rd8 39. Kf2 Rd4
40. Rc3 Kf5 41. Kf3 h5 42. b5 cxb5 43. cxb5 Rb4 44. Rc5 Rb3+ 45. Kf2 Ke4 46.
Rc4+ Kd3 47. Rc5 Rb2+ 48. Kf1 Ke4 49. Rc7 Kf3 50. Rf7+ Kxg3 51. Rxg7+ Kxh4 52.
Rb7 Kg3 53. Rb8 h4 54. b6 Kf3 55. Kg1 e4 56. b7 Ke3 57. Kh1 h3 58. Kg1 Rg2+ 59.
Kh1 Rb2 60. Kg1 Ke2 61. Kh2 e3 62. Kxh3 Ke1 63. Re8 Rxb7 64. Rxe3+ Kf2 65. Ra3
1/2-1/2

[Event "SC Falke Saerbeck 1 - SC Hiltrup 1"]
[Site "Verbandsklasse 2018/2019"]
[Date "2019.04.06"]
[Round "8.8"]
[White "May, Holger"]
[Black "May, Peter"]
[Result "0-1"]
[WhiteElo "1714"]
[BlackElo "1558"]
[PlyCount "66"]
[EventDate "2019.??.??"]
[SourceDate "2018.10.06"]

1. c4 e5 2. g3 Nf6 3. Bg2 d5 4. cxd5 Nxd5 5. Nc3 Be6 6. Nf3 Nc6 7. O-O Bc5 8.
d3 f6 9. Bd2 Qd7 10. Rc1 Bb6 11. Na4 O-O 12. Nc5 Bxc5 13. Rxc5 Rad8 14. a3 h6
15. b4 a6 16. Qb1 b6 17. Rc2 f5 18. Rfc1 Nde7 19. Bc3 e4 20. dxe4 fxe4 21. Ne5
Nxe5 22. Bxe5 Bf5 23. e3 c6 24. Bd4 b5 25. Bc5 Rf7 26. Bxe7 Qxe7 27. Rxc6 Rd3
28. R6c3 Qe6 29. Bf1 Rd6 30. Rd1 Bg4 31. Rxd6 Qxd6 32. Qxe4 Qd2 33. Qe8+ Rf8
0-1

[Event "SF Beelen 2 - Südlohner SV 2"]
[Site "Verbandsklasse 2018/2019"]
[Date "2019.04.06"]
[Round "8.1"]
[White "Emming, Benedikt"]
[Black "Hanewinkel, Christian"]
[Result "1/2-1/2"]
[WhiteElo "1825"]
[BlackElo "1761"]
[PlyCount "80"]
[EventDate "2019.??.??"]
[SourceDate "2018.10.06"]

1. e4 c5 2. Nf3 d6 3. d4 cxd4 4. Nxd4 Nf6 5. Nc3 a6 6. Be3 Nc6 7. Be2 e5 8. Nb3
b5 9. f3 Be7 10. Nd5 Nxd5 11. Qxd5 Qc7 12. Qd2 Be6 13. O-O O-O 14. f4 f5 15.
exf5 Bxf5 16. c3 Rad8 17. Bf3 Be6 18. Bd5 Qd7 19. Rad1 Kh8 20. Bxe6 Qxe6 21.
Qd5 Qc8 22. Nd2 Rf5 23. g4 Rff8 24. h3 exf4 25. Bxf4 Ne5 26. Bg3 Nc4 27. Nxc4
Qxc4 28. Qxc4 bxc4 29. Rd5 Rxf1+ 30. Kxf1 Rb8 31. Rd2 Kg8 32. Kg2 Kf7 33. Kf3
Ke6 34. Ke4 Rb5 35. Bf4 d5+ 36. Kf3 h6 37. Re2+ Kd7 38. Be5 g6 39. Bf4 Bf8 40.
Rd2 Ke6 1/2-1/2

[Event "SF Beelen 2 - Südlohner SV 2"]
[Site "Verbandsklasse 2018/2019"]
[Date "2019.04.06"]
[Round "8.2"]
[White "Beckmann, Frank"]
[Black "Sparwel, Oliver"]
[Result "0-1"]
[WhiteElo "1749"]
[BlackElo "1901"]
[PlyCount "72"]
[EventDate "2019.??.??"]
[SourceDate "2018.10.06"]

1. d4 Nf6 2. Nf3 e6 3. e3 d5 4. c4 c6 5. Nc3 Nbd7 6. a3 Bd6 7. Be2 dxc4 8. Bxc4
b5 9. Be2 a6 10. O-O Bb7 11. b4 O-O 12. Bb2 Qe7 13. Qb3 e5 14. dxe5 Nxe5 15.
Rfd1 Rac8 16. Nd4 Bb8 17. Nf5 Qc7 18. g3 c5 19. bxc5 Nf3+ 20. Bxf3 Bxf3 21. Rd2
Qxc5 22. Nd4 Ba8 23. Nce2 Qe7 24. Nf4 Rfe8 25. Qd3 Ne4 26. Rc2 Rxc2 27. Nxc2
Qb7 28. Kf1 Bxf4 29. gxf4 Nc5 30. Qd4 Qg2+ 31. Ke2 Bf3+ 32. Ke1 Qg1+ 33. Kd2
Qxf2+ 34. Kc3 Ne6 35. Qd7 Rd8 36. Qe7 Qd2+ 0-1

[Event "SF Beelen 2 - Südlohner SV 2"]
[Site "Verbandsklasse 2018/2019"]
[Date "2019.04.06"]
[Round "8.3"]
[White "Schmeing, Walter"]
[Black "Hofene, Markus"]
[Result "1-0"]
[WhiteElo "1974"]
[BlackElo "1670"]
[PlyCount "73"]
[EventDate "2019.??.??"]
[SourceDate "2018.10.06"]

1. e4 d5 2. exd5 Nf6 3. Nf3 Qxd5 4. d4 Bg4 5. Be2 e6 6. Bf4 Bd6 7. Nc3 Qa5 8.
Bd2 c6 9. Ne4 Qc7 10. Nxd6+ Qxd6 11. c3 Nbd7 12. O-O h5 13. Qc1 Bxf3 14. Bxf3
O-O-O 15. Bf4 e5 16. dxe5 Nxe5 17. Bxe5 Qxe5 18. Re1 Qc7 19. Qg5 Nd5 20. Rad1
f6 21. Qf5+ Kb8 22. Bxd5 cxd5 23. Rxd5 Rhe8 24. Red1 Rxd5 25. Qxd5 Qe7 26. h3
g6 27. g3 a6 28. Kg2 Kc8 29. Rd4 Rd8 30. Qxd8+ Qxd8 31. Rxd8+ Kxd8 32. Kf3 Kd7
33. Ke4 Ke6 34. b3 g5 35. g4 hxg4 36. hxg4 a5 37. c4 1-0

[Event "SF Beelen 2 - Südlohner SV 2"]
[Site "Verbandsklasse 2018/2019"]
[Date "2019.04.06"]
[Round "8.4"]
[White "Grothues, Fabian"]
[Black "Harbers, Gerard"]
[Result "1/2-1/2"]
[WhiteElo "1594"]
[BlackElo "1883"]
[PlyCount "76"]
[EventDate "2019.??.??"]
[SourceDate "2018.10.06"]

1. e4 e5 2. Bc4 Nc6 3. Nf3 Bc5 4. d3 Nf6 5. Be3 Qe7 6. c3 Bxe3 7. fxe3 Na5 8.
Nbd2 Nxc4 9. Nxc4 d6 10. h3 Be6 11. Qa4+ Nd7 12. O-O-O O-O 13. Ncd2 c5 14. a3
a6 15. d4 b5 16. Qc2 cxd4 17. exd4 exd4 18. Nxd4 Ne5 19. Nxe6 Qxe6 20. Nf3 Nc4
21. Qd3 Rac8 22. Nd4 Qe5 23. Kb1 Rfe8 24. Rde1 Qf4 25. Kc2 d5 26. exd5 Qf2+ 27.
Re2 Rxe2+ 28. Qxe2 Ne3+ 29. Kb3 Qxe2 30. Nxe2 Nxd5 31. Rd1 Ne3 32. Rd6 Nxg2 33.
Rxa6 f5 34. Nd4 f4 35. Kc2 Ne3+ 36. Kd3 Nd1 37. Kc2 Ne3+ 38. Kd3 Nd1 1/2-1/2

[Event "SF Beelen 2 - Südlohner SV 2"]
[Site "Verbandsklasse 2018/2019"]
[Date "2019.04.06"]
[Round "8.5"]
[White "Richters, Alfred"]
[Black "Radinger, Rudolf"]
[Result "1/2-1/2"]
[WhiteElo "1839"]
[BlackElo "1538"]
[PlyCount "57"]
[EventDate "2019.??.??"]
[SourceDate "2018.10.06"]

1. d4 Nf6 2. Nc3 d5 3. Bg5 Bf5 4. f3 c6 5. g4 Bg6 6. e3 Nbd7 7. Bf4 e6 8. a3
Be7 9. Bd3 a6 10. Nge2 c5 11. Rb1 Rc8 12. O-O Nb6 13. Qe1 Nfd7 14. Bg3 cxd4 15.
exd4 Nc4 16. Nf4 Ndb6 17. Nd1 Rc6 18. c3 Bg5 19. Nxg6 hxg6 20. f4 Bh4 21. Rf2
Kd7 22. Re2 Bxg3 23. Qxg3 Qh4 24. Kg2 Rcc8 25. Nf2 Rh6 26. Qxh4 Rxh4 27. Kg3
Rch8 28. h3 R4h6 29. Rbe1 1/2-1/2

[Event "SF Beelen 2 - Südlohner SV 2"]
[Site "Verbandsklasse 2018/2019"]
[Date "2019.04.06"]
[Round "8.6"]
[White "Gaebler, Marcel"]
[Black "Teloeken, Stefan"]
[Result "1/2-1/2"]
[WhiteElo "1589"]
[BlackElo "1815"]
[PlyCount "56"]
[EventDate "2019.??.??"]
[SourceDate "2018.10.06"]

1. d4 d5 2. c4 e6 3. Nc3 Nf6 4. e3 Be7 5. Nf3 O-O 6. Qc2 b6 7. cxd5 exd5 8. Bd3
Nc6 9. a3 h6 10. Bd2 a6 11. Ne2 Bb7 12. Bf5 Bd6 13. g4 Ne7 14. g5 Nxf5 15. Qxf5
Bc8 16. Qd3 hxg5 17. Nxg5 g6 18. h4 Kg7 19. O-O-O Bf5 20. Qb3 Rh8 21. f3 Qe7
22. Rdg1 Rh5 23. Nc3 Rah8 24. Nxd5 Nxd5 25. Qxd5 Rxh4 26. Rxh4 Rxh4 27. e4 Be6
28. Nxe6+ fxe6 1/2-1/2

[Event "SF Beelen 2 - Südlohner SV 2"]
[Site "Verbandsklasse 2018/2019"]
[Date "2019.04.06"]
[Round "8.7"]
[White "Boecker, Manfred"]
[Black "Leismann, Franz Josef"]
[Result "1-0"]
[WhiteElo "1846"]
[BlackElo "1497"]
[PlyCount "31"]
[EventDate "2019.??.??"]
[SourceDate "2018.10.06"]

1. d4 Nf6 2. Nc3 e6 3. e4 Bb4 4. Bd3 O-O 5. Nf3 b6 6. e5 Nd5 7. Bxh7+ Kh8 8.
Bd2 Nxc3 9. bxc3 Be7 10. Be4 c6 11. h4 d5 12. Ng5 g6 13. h5 Bxg5 14. hxg6+ Kg8
15. Qh5 Bxd2+ 16. Kxd2 1-0

[Event "SF Beelen 2 - Südlohner SV 2"]
[Site "Verbandsklasse 2018/2019"]
[Date "2019.04.06"]
[Round "8.8"]
[White "Pomberg, Thomas"]
[Black "Schlattmann, Martin"]
[Result "0-1"]
[WhiteElo "1455"]
[BlackElo "1721"]
[PlyCount "120"]
[EventDate "2019.??.??"]
[SourceDate "2018.10.06"]

1. d4 d5 2. Nf3 Nf6 3. Bf4 e6 4. Nbd2 c6 5. c3 Be7 6. e3 O-O 7. Bd3 c5 8. h3
Nbd7 9. Qc2 c4 10. Be2 b5 11. Ne5 Bb7 12. Bf3 Nxe5 13. Bxe5 Qb6 14. O-O Nd7 15.
Bg3 Bd6 16. Bxd6 Qxd6 17. e4 dxe4 18. Nxe4 Qb6 19. Rfe1 h6 20. Re3 Rac8 21. Nd2
Nf6 22. Bxb7 Qxb7 23. Rg3 Rfd8 24. Re1 Rd5 25. Ne4 Nh5 26. Rf3 Qc7 27. Qc1 Rf5
28. Ree3 g5 29. Qd1 Nf4 30. Rg3 Nd5 31. Ref3 Rxf3 32. Qxf3 Qf4 33. Qxf4 Nxf4
34. Kf1 a5 35. h4 Nh5 36. Rf3 gxh4 37. Nd6 Rc7 38. Nxb5 Rc6 39. a4 Ng7 40. Re3
Nf5 41. Re5 Kf8 42. Ke2 f6 43. Rc5 Rxc5 44. dxc5 Ke8 45. c6 Kd8 46. c7+ Kc8 47.
Kf3 h5 48. Kf4 Ne7 49. Ke4 Nd5 50. Nd6+ Kxc7 51. Nxc4 Nb6 52. Nxb6 Kxb6 53. Kd4
Kc6 54. Kc4 e5 55. b4 axb4 56. cxb4 f5 57. a5 f4 58. b5+ Kb7 59. f3 e4 60. fxe4
f3 0-1

[Event "SC Rochade Emsdetten 3 - SC Gronau 2"]
[Site "Verbandsklasse 2018/2019"]
[Date "2019.04.06"]
[Round "8.1"]
[White "Kloenne, Tim"]
[Black "Bahr, Maximilian"]
[Result "1/2-1/2"]
[WhiteElo "1826"]
[BlackElo "1664"]
[PlyCount "32"]
[EventDate "2019.??.??"]
[SourceDate "2018.10.06"]

1. c4 c6 2. d4 d5 3. Nc3 Nf6 4. Nf3 e6 5. g3 Be7 6. Bg2 O-O 7. O-O dxc4 8. Ne5
Qc7 9. Nxc4 b5 10. Bf4 Qb7 11. Nd6 Bxd6 12. Bxd6 Rd8 13. Be5 Nbd7 14. Bf4 Qb6
15. Qb3 Bb7 16. Rfd1 a6 1/2-1/2

[Event "SC Rochade Emsdetten 3 - SC Gronau 2"]
[Site "Verbandsklasse 2018/2019"]
[Date "2019.04.06"]
[Round "8.2"]
[White "Gerighausen, Karl Heinz"]
[Black "Binger, Friedhelm"]
[Result "1/2-1/2"]
[WhiteElo "1663"]
[BlackElo "1716"]
[PlyCount "22"]
[EventDate "2019.??.??"]
[SourceDate "2018.10.06"]

1. d4 d5 2. Nc3 Nf6 3. Bf4 e6 4. e3 a6 5. Bd3 c5 6. dxc5 Bxc5 7. Nf3 Nc6 8. O-O
h6 9. e4 dxe4 10. Nxe4 Be7 11. c3 O-O 1/2-1/2

[Event "SC Rochade Emsdetten 3 - SC Gronau 2"]
[Site "Verbandsklasse 2018/2019"]
[Date "2019.04.06"]
[Round "8.3"]
[White "Tsoukkerman, Boris Z"]
[Black "Fehlings, Gerd"]
[Result "1/2-1/2"]
[WhiteElo "1892"]
[BlackElo "1772"]
[PlyCount "40"]
[EventDate "2019.??.??"]
[SourceDate "2018.10.06"]

1. Nf3 e6 2. g3 d5 3. Bg2 c6 4. d4 Nf6 5. Nbd2 Be7 6. c4 O-O 7. b3 b6 8. Bb2
Bb7 9. O-O Nbd7 10. a3 Rc8 11. Re1 c5 12. cxd5 Bxd5 13. Rc1 cxd4 14. Nxd4 Rxc1
15. Qxc1 Bxg2 16. Kxg2 Qa8+ 17. Qc6 Bc5 18. Qxa8 Rxa8 19. Rc1 Kf8 20. b4 Bd6
1/2-1/2

[Event "SC Rochade Emsdetten 3 - SC Gronau 2"]
[Site "Verbandsklasse 2018/2019"]
[Date "2019.04.06"]
[Round "8.4"]
[White "Schulte, Ralf"]
[Black "Reinhold, Klaus"]
[Result "1/2-1/2"]
[WhiteElo "1789"]
[BlackElo "1816"]
[PlyCount "37"]
[EventDate "2019.??.??"]
[SourceDate "2018.10.06"]

1. d4 d5 2. c4 c6 3. e3 Nf6 4. Nc3 e6 5. Nf3 Nbd7 6. Bd3 Bd6 7. O-O O-O 8. e4
dxc4 9. Bxc4 e5 10. Bg5 Qe7 11. d5 Nb6 12. Bb3 Bg4 13. Qd3 h6 14. Bh4 Rac8 15.
Nd2 g5 16. Bg3 cxd5 17. exd5 Bh5 18. Rfe1 Bg6 19. Qe2 1/2-1/2

[Event "SC Rochade Emsdetten 3 - SC Gronau 2"]
[Site "Verbandsklasse 2018/2019"]
[Date "2019.04.06"]
[Round "8.5"]
[White "Schoewer Lingemann, Thorsten"]
[Black "Fuhrmann, Andreas"]
[Result "1/2-1/2"]
[WhiteElo "1757"]
[BlackElo "1651"]
[PlyCount "33"]
[EventDate "2019.??.??"]
[SourceDate "2018.10.06"]

1. Nf3 d5 2. c4 e6 3. e3 c5 4. d4 Nf6 5. Nc3 a6 6. Bd3 dxc4 7. Bxc4 b5 8. Bd3
Bb7 9. O-O Nbd7 10. Re1 Be7 11. a3 O-O 12. e4 cxd4 13. Nxd4 Ne5 14. Bc2 Bc5 15.
Nb3 Bb6 16. h3 h6 17. Rb1 1/2-1/2

[Event "SC Rochade Emsdetten 3 - SC Gronau 2"]
[Site "Verbandsklasse 2018/2019"]
[Date "2019.04.06"]
[Round "8.6"]
[White "Hoppe, Nico"]
[Black "Sprenger, Franz"]
[Result "1/2-1/2"]
[WhiteElo "1652"]
[BlackElo "1685"]
[PlyCount "34"]
[EventDate "2019.??.??"]
[SourceDate "2018.10.06"]

1. e4 e5 2. Nf3 Nc6 3. Bc4 Be7 4. c3 Nf6 5. d3 O-O 6. O-O d5 7. exd5 Nxd5 8.
Re1 Bg4 9. Nbd2 Nb6 10. Bb5 Bd6 11. h3 Bh5 12. Ne4 h6 13. Ng3 Bg6 14. Bxc6 bxc6
15. Nxe5 Bxe5 16. Rxe5 Qd6 17. d4 Rad8 1/2-1/2

[Event "SC Rochade Emsdetten 3 - SC Gronau 2"]
[Site "Verbandsklasse 2018/2019"]
[Date "2019.04.06"]
[Round "8.7"]
[White "Schlueter, Gerhard"]
[Black "Willermann, Norbert"]
[Result "1/2-1/2"]
[WhiteElo "1658"]
[BlackElo "1590"]
[PlyCount "32"]
[EventDate "2019.??.??"]
[SourceDate "2018.10.06"]

1. e4 c5 2. Nf3 d6 3. d4 cxd4 4. Nxd4 Nf6 5. Nc3 g6 6. Be2 Bg7 7. Be3 Nc6 8.
Nb3 Bd7 9. O-O O-O 10. f4 a6 11. h3 b5 12. a3 Na5 13. Nxa5 Qxa5 14. e5 Ne8 15.
Nd5 Qd8 16. Bf3 Rb8 1/2-1/2

[Event "SC Rochade Emsdetten 3 - SC Gronau 2"]
[Site "Verbandsklasse 2018/2019"]
[Date "2019.04.06"]
[Round "8.8"]
[White "Peters, Tobias"]
[Black "Schwabenland, Arthur"]
[Result "1/2-1/2"]
[WhiteElo "1571"]
[BlackElo "1191"]
[PlyCount "32"]
[EventDate "2019.??.??"]
[SourceDate "2018.10.06"]

1. e4 c6 2. d4 d5 3. e5 Bf5 4. h4 h5 5. Bd3 Bxd3 6. Qxd3 e6 7. Bg5 Qb6 8. Nd2
Qxb2 9. Rb1 Qxa2 10. Rxb7 Nd7 11. Ngf3 Rb8 12. Rxb8+ Nxb8 13. O-O Ne7 14. Qc3
Qa6 15. Ra1 Qb7 16. Rb1 Qc7 1/2-1/2

[Event "Schach Nienberge 2 - SK Königsspringer "]
[Site "Verbandsklasse 2018/2019"]
[Date "2019.04.06"]
[Round "8.1"]
[White "Sandmann, Matthias"]
[Black "Da Costa Campos, Andre"]
[Result "1/2-1/2"]
[WhiteElo "1755"]
[BlackElo "1930"]
[PlyCount "35"]
[EventDate "2019.??.??"]
[SourceDate "2018.10.06"]

1. Nf3 Nf6 2. d4 d5 3. Bg5 Bf5 4. e3 e6 5. Bd3 Be7 6. c4 Bxd3 7. Qxd3 c6 8. O-O
O-O 9. Nc3 Nbd7 10. a4 a5 11. Rfc1 h6 12. Bh4 dxc4 13. Qxc4 Nd5 14. Nxd5 Bxh4
15. Nf4 Be7 16. Rc2 Re8 17. Qb3 Qb6 18. Qxb6 1/2-1/2

[Event "Schach Nienberge 2 - SK Königsspringer "]
[Site "Verbandsklasse 2018/2019"]
[Date "2019.04.06"]
[Round "8.2"]
[White "Melkert, Tim"]
[Black "Lerke, Bernd"]
[Result "1-0"]
[WhiteElo "1912"]
[BlackElo "1856"]
[PlyCount "93"]
[EventDate "2019.??.??"]
[SourceDate "2018.10.06"]

1. e4 e6 2. d4 c5 3. d5 d6 4. c4 e5 5. Nc3 Be7 6. f4 exf4 7. Bxf4 Bg5 8. Bxg5
Qxg5 9. Nf3 Qe7 10. Bd3 Nd7 11. O-O Ngf6 12. e5 Nxe5 13. Nxe5 dxe5 14. Qe2 Bg4
15. Qe3 Bh5 16. h3 O-O 17. Rf5 Rfe8 18. Re1 Bg6 19. Rg5 Bxd3 20. Qxd3 Nd7 21.
Rg3 Rf8 22. Rf1 Rae8 23. d6 Qe6 24. Nd5 e4 25. Qd2 Qe5 26. Rg5 Qd4+ 27. Qxd4
cxd4 28. Ne7+ Kh8 29. Rd5 d3 30. Rd4 f5 31. Nxf5 Re5 32. Ng3 Rfe8 33. Rf7 Rd8
34. Re7 e3 35. Rxd3 Kg8 36. Rxe3 Rxe3 37. Rxe3 Nc5 38. Re5 Nd3 39. Rd5 Nxb2 40.
c5 Kf7 41. Re5 Nd3 42. Re7+ Kg6 43. Ne4 Kf5 44. Kf1 h5 45. Ke2 Nc1+ 46. Kf3 g5
47. g4+ 1-0

[Event "Schach Nienberge 2 - SK Königsspringer "]
[Site "Verbandsklasse 2018/2019"]
[Date "2019.04.06"]
[Round "8.3"]
[White "Kasubke, Manfred"]
[Black "Weist, Thorsten"]
[Result "1-0"]
[WhiteElo "1846"]
[BlackElo "1724"]
[PlyCount "113"]
[EventDate "2019.??.??"]
[SourceDate "2018.10.06"]

1. e4 c5 2. Nc3 Nc6 3. f4 e6 4. Bc4 a6 5. a4 Nge7 6. d3 d5 7. Ba2 dxe4 8. dxe4
Qxd1+ 9. Nxd1 Nd4 10. Ne3 Bd7 11. c3 Ndc6 12. Nc4 Nc8 13. a5 Nd6 14. Nb6 Rd8
15. Bb1 Be7 16. Nf3 O-O 17. Be3 Nc8 18. Nc4 Nd6 19. Ncd2 Nb5 20. Nb3 e5 21.
Nxc5 exf4 22. Nxd7 Rxd7 23. Bxf4 Rfd8 24. Bc2 Bd6 25. Be3 Bc7 26. Bb6 Bxb6 27.
axb6 Nd6 28. O-O Nc4 29. Bb3 N4e5 30. Nxe5 Nxe5 31. Bd5 Kf8 32. c4 Nd3 33. b3
Nb4 34. Ra4 Nxd5 35. exd5 Ke7 36. Rd1 Kd6 37. b4 Ke5 38. Ra2 f5 39. Re2+ Kf6
40. Kf2 Rd6 41. Rde1 Rxb6 42. Re6+ Rxe6 43. Rxe6+ Kf7 44. Rb6 Rd7 45. Ke3 g5
46. Kd4 f4 47. Re6 g4 48. Re4 f3 49. gxf3 gxf3 50. Rf4+ Ke7 51. c5 b6 52. c6
Rd8 53. Rxf3 Rg8 54. Re3+ Kd6 55. Re6+ Kc7 56. Re7+ Kd6 57. Rd7# 1-0

[Event "Schach Nienberge 2 - SK Königsspringer "]
[Site "Verbandsklasse 2018/2019"]
[Date "2019.04.06"]
[Round "8.4"]
[White "Kluczka, Konrad"]
[Black "Mense, Jens Uwe"]
[Result "1/2-1/2"]
[WhiteElo "1776"]
[BlackElo "1822"]
[PlyCount "118"]
[EventDate "2019.??.??"]
[SourceDate "2018.10.06"]

1. e4 g6 2. d4 Bg7 3. Nc3 d6 4. Bc4 Nf6 5. f3 O-O 6. Nge2 Nc6 7. Be3 e5 8. a3
exd4 9. Nxd4 Ne5 10. Be2 a6 11. Qd2 d5 12. exd5 Nxd5 13. Nxd5 Qxd5 14. Nb3 Qe6
15. Nc5 Qe7 16. Ne4 Rd8 17. Qb4 Qxb4+ 18. axb4 f5 19. Bg5 Rf8 20. Nc3 Be6 21.
O-O h6 22. Bh4 Rfe8 23. Rfe1 Kf7 24. Rad1 g5 25. Bf2 Rad8 26. Rxd8 Rxd8 27. Rd1
Rxd1+ 28. Nxd1 Nc4 29. b3 Ne5 30. b5 a5 31. b6 c6 32. Be1 Nd7 33. Bxa5 Bd4+ 34.
Kf1 Bxb6 35. Bxb6 Nxb6 36. Bd3 Kf6 37. Ke2 Ke5 38. Kd2 h5 39. Ne3 Kf4 40. Ke2
Ke5 41. g3 h4 42. Kd2 f4 43. gxf4+ Kxf4 44. Ke2 Bd7 45. c4 Be6 46. Ng2+ Ke5 47.
Ke3 Nd7 48. f4+ gxf4+ 49. Nxf4 Bf5 50. h3 Nc5 51. Bxf5 Kxf5 52. b4 Ne4 53. Ng2
Ng5 54. Nxh4+ Ke6 55. Ng6 Nxh3 56. Kd4 Kd6 57. c5+ Kd7 58. Kc4 Ng5 59. Ne5+ Kc7
1/2-1/2

[Event "Schach Nienberge 2 - SK Königsspringer "]
[Site "Verbandsklasse 2018/2019"]
[Date "2019.04.06"]
[Round "8.5"]
[White "Holstegge, Ludger"]
[Black "Scharlow, Siegmar"]
[Result "1/2-1/2"]
[WhiteElo "1761"]
[BlackElo "1689"]
[PlyCount "112"]
[EventDate "2019.??.??"]
[SourceDate "2018.10.06"]

1. c4 Nf6 2. Nc3 d5 3. cxd5 Nxd5 4. d4 Nc6 5. e4 Nxc3 6. bxc3 e6 7. Nf3 g6 8.
Bg5 f6 9. Be3 Bg7 10. Bb5 Bd7 11. Qb3 Qe7 12. Bxc6 bxc6 13. O-O O-O 14. Qc4
Rfb8 15. Rab1 Kh8 16. e5 Rb6 17. Rb3 Rab8 18. Rfb1 f5 19. Qa4 R8b7 20. Bg5 Qe8
21. Qc4 h6 22. Bf6 Qf7 23. Bxg7+ Kxg7 24. a4 Qe8 25. a5 Rxb3 26. Rxb3 Qb8 27.
Rxb7 Qxb7 28. Qb4 Qxb4 29. cxb4 Kf7 30. Kf1 Ke7 31. Ke2 Bc8 32. Nd2 Ba6+ 33.
Ke3 Bb5 34. Nb3 Bc4 35. Nc5 Bb5 36. Kf3 Bc4 37. g4 fxg4+ 38. Kxg4 Be2+ 39. Kf4
Bc4 40. h4 Be2 41. Ne4 Kf7 42. Nf6 Bb5 43. f3 Ba4 44. Ke3 Bc2 45. Kd2 Ba4 46.
f4 Bb5 47. Ng4 Kg7 48. Kc3 Be2 49. Nf2 Bb5 50. Ne4 Kf7 51. Nc5 Ke7 52. Kb3 Be2
53. Ne4 Bb5 54. Nd2 Kd7 55. Nc4 Ke7 56. Nb2 Kd7 1/2-1/2